Najpopularniejsi raperzy w tym tygodniu . 18-24.06 - Statystyki

Ogólne statystyki
  • Ten quiz został rozwiązany 25 razy
  • Średni wynik to 8 z 15
Statystyki odpowiedzi
Miejsce w poprzednim tygodniu Wyświetlenia Raper % Poprawnych
#12 8.60M Mata
96%
#6 4.86M White 2115
83%
#8 3.04M Żabson
78%
#13 3.07M Bedoes
74%
#5 6.33M Kizo
70%
#1 11.70M Sobel
57%
#3 5.40M Oki
52%
#2 6.33M Young Igi
52%
#11 3.52M Tymek
48%
#4 5.31M Otsochodzi
39%
#10 3.06M Szpaku
39%
#7 3.28M Paluch
35%
#15 2.56M Guzior
22%
#21 2.33M Wac Toja
22%
#9 3.20M Hinol Polska Wersja
9%
Nie znaleziono quizów pasujących do podanych kryteriów
Rozkład punktacji
Procent ludzi z każdym wynikiem
Percentyl według liczby udzielonych odpowiedzi
Twoja historia wyników
Nie rozwiązałeś tego quizu